000 00875nam a22002652a 4500
001 1734
003 BDjRUL
005 20211208233411.0
008 131209s1957 enk 001 0 eng d
035 _a(BD-RjUL)1761
040 _aOberlin College. Library
_cWSU
_dOCL
_dSER
_dOCL
_dSER
_dWEA
_dEQO
_dBD-RjUL
_beng
041 _aeng
082 _222
_a297.2115
_bARR
090 _aBP166.6
_b.A7
100 1 _aArberry, A. J.
_q(Arthur John),
_d1905-1969.
_95438
245 1 0 _aRevelation and reason in Islam :
_bthe forwood lectures for 1956 delivered in the university of liverpool /
_cA. J. Arberry.
260 _aLondon :
_bAllen & Unwin,
_c1957.
300 _a122 p. ;
_c19 cm
504 _aIncludes bibliographical references
650 0 _aRevelation
_xIslam
_95738
830 0 _v1956
_9116527
830 0 _aForwood lectures ;
_9116528
942 _2ddc
_cBK
999 _c1734
_d1734